Name the Composer 4 - Statistics

General Stats
  • This quiz has been taken 56 times
    47 since last reset
  • The average score is 5 of 9
Answer Stats
Classical Piece Composer % Correct
Symphony No. 40 in G Minor, K.550 Wolfgang Amadeus Mozart
98%
Symphony No. 3 (Eroica) Ludwig van Beethoven
95%
Introduction and Rondo Capriccioso Camille Saint-Saëns
70%
Carnival of the Animals Camille Saint-Saëns
70%
The Barber of Seville Overture Gioachino Rossini
67%
Humoresque Op. 101 No. 7 Antonin Dvořák
53%
Don Juan Richard Strauss
40%
Ziguenerweisen Pablo de Sarasate
28%
Zapateado Pablo de Sarasate
28%
No matching quizzes found
Score Distribution
Percent of People with Each Score
Percentile by Number Answered
Your Score History
You have not taken this quiz since the last reset